| 000 | 00506cam a2200193ua 4500 | ||
|---|---|---|---|
| 020 | _c250.00 | ||
| 041 |
_aeng _h |
||
| 082 |
_a671.36 _bRAJ/HE |
||
| 100 | _aRajan, T.V . | ||
| 245 |
_aHeat treatment: Principles and techniques / _cT.V Rajan. _hTextual Documents |
||
| 260 |
_aNew Delhi : _bPrentice Hall of India Pvt Ltd. , _c2007. |
||
| 300 | _a460 ; . | ||
| 365 | _a250.00 | ||
| 504 | _a | ||
| 700 | 1 | _aAshok, Sharma . | |
| 700 | 1 | _aSharma, C.P . | |
| 942 | _cBK | ||
| 999 |
_c13392 _d13392 |
||